[Event "Madrid-ch Previa-B"]
[Site "Madrid"]
[Date "2025.02.01"]
[Round "3.10"]
[White "Calderon Rojo, Borja"]
[Black "Jolani, Parnian"]
[Result "1-0"]
[WhiteElo "1887"]
[BlackElo "1847"]
[PlyCount "85"]
[GameId "2141690597351662"]
[EventDate "2025.01.30"]
[EventType "swiss"]
[EventRounds "9"]
[EventCountry "ESP"]

1. e4 d6 2. d4 Nf6 3. f3 e5 4. Ne2 exd4 5. Nxd4 Nc6 6. Be3 Bd7 7. Nc3 h6 8. Qd2 a6 9. O-O-O b5 10. Nxc6 Bxc6 11. g4 Be7 12. Be2 Rb8 13. h4 Nd7 14. g5 h5 15. f4 f5 16. Bf3 Nb6 17. Qe2 fxe4 18. Bxh5+ Kf8 19. Bxb6 Rxb6 20. Nd5 Rb8 21. Bg6 Be8 22. Qxe4 c6 23. Qf5+ Kg8 24. Qe6+ Kf8 25. Nxe7 Qxe7 26. Qf5+ Kg8 27. Rhe1 Qf8 28. Qe6+ Bf7 29. Bxf7+ Qxf7 30. Rxd6 Qxe6 31. Rdxe6 Rxh4 32. Rxc6 Rxf4 33. Rxa6 Rg4 34. g6 Rg2 35. c3 Kf8 36. Rf1+ Ke8 37. a3 Rd8 38. Re1+ Kf8 39. Kb1 Rf2 40. Rb6 Rf5 41. Ka2 Rf6 42. Ree6 Rf5 43. Kb3 1-0

[Event "Madrid-ch Previa-B"]
[Site "Madrid"]
[Date "2025.02.01"]
[Round "3.11"]
[White "Gomez Lorenzo, Alvaro 2012"]
[Black "Cardena Contreras, Javier"]
[Result "0-1"]
[WhiteElo "1483"]
[BlackElo "1883"]
[PlyCount "90"]
[GameId "2142043798200624"]
[EventDate "2025.01.30"]
[EventType "swiss"]
[EventRounds "9"]
[EventCountry "ESP"]

1. e4 c5 2. Nf3 Nf6 3. e5 Nd5 4. Nc3 e6 5. Nxd5 exd5 6. c3 Nc6 7. d4 d6 8. exd6 Bxd6 9. Be2 O-O 10. O-O Bg4 11. Be3 c4 12. Qc2 Qd7 13. Rfe1 Rfe8 14. Rac1 b5 15. Bd2 Bf5 16. Qd1 h6 17. Bf1 Bg4 18. Rxe8+ Rxe8 19. Be3 a5 20. h3 Bf5 21. Qd2 b4 22. Be2 Rb8 23. Bd1 Be4 24. Ne1 Qe6 25. Bf3 a4 26. Bd1 b3 27. a3 Bxa3 28. Ra1 Bd6 29. Rxa4 Ne7 30. Bf3 Ng6 31. Bg4 f5 32. f3 fxg4 33. fxe4 Qxe4 34. hxg4 Qxg4 35. Nf3 Rf8 36. Ra6 Bf4 37. Ra5 Bxe3+ 38. Qxe3 Nf4 39. Ne1 Ne2+ 40. Kh2 Qh4+ 41. Qh3 Qxe1 42. Qe6+ Kh8 43. Qe3 Qh4+ 44. Qh3 Qf4+ 45. Kh1 Qf1+ 0-1

[Event "Madrid-ch Previa-B"]
[Site "Madrid"]
[Date "2025.02.01"]
[Round "3.12"]
[White "Fernandez Rodriguez, Diego"]
[Black "Del Castillo Izquierdo, Jose"]
[Result "0-1"]
[WhiteElo "1614"]
[BlackElo "1867"]
[PlyCount "82"]
[GameId "2142046230507841"]
[EventDate "2025.01.30"]
[EventType "swiss"]
[EventRounds "9"]
[EventCountry "ESP"]

1. d4 Nf6 2. Nf3 d5 3. Bf4 c5 4. c3 Nc6 5. e3 Qb6 6. Qc1 cxd4 7. cxd4 Bf5 8. a3 Rc8 9. Nc3 h6 10. b4 e5 11. dxe5 Nxb4 12. Bb5+ Qxb5 13. Nxb5 Nd3+ 14. Kd2 Nxc1 15. Rhxc1 Ne4+ 16. Ke1 Nc5 17. Kd1 a6 18. Nbd4 Be4 19. e6 fxe6 20. Nxe6 Kd7 21. Nxc5+ Bxc5 22. Ne5+ Ke6 23. f3 Bh7 24. Kd2 g5 25. Bg3 h5 26. Nd3 Be7 27. Be5 Rhf8 28. Bd4 Rc4 29. Bc5 b5 30. Bxe7 Kxe7 31. Nb4 Rd8 32. Nxa6 g4 33. Nb4 gxf3 34. Nc6+ Rxc6 35. Rxc6 fxg2 36. Rc7+ Rd7 37. Rxd7+ Kxd7 38. Kc3 Kd6 39. Kb4 Bd3 40. h4 Bf1 41. Kc3 g1=Q 0-1

[Event "Madrid-ch Previa-B"]
[Site "Madrid"]
[Date "2025.02.01"]
[Round "3.13"]
[White "Palomo Fernandez, Lorenzo"]
[Black "Liern Matesanz, Jairo"]
[Result "1/2-1/2"]
[WhiteElo "1650"]
[BlackElo "1923"]
[PlyCount "64"]
[GameId "2142047923736912"]
[EventDate "2025.01.30"]
[EventType "swiss"]
[EventRounds "9"]
[EventCountry "ESP"]

1. e4 c5 2. Nf3 d6 3. Nc3 Nc6 4. d4 cxd4 5. Nxd4 Nxd4 6. Qxd4 e5 7. Bb5+ Bd7 8. Qa4 Be7 9. Nd5 Nf6 10. Nxf6+ Bxf6 11. Be3 a6 12. Bxd7+ Qxd7 13. Qxd7+ Kxd7 14. Ke2 Rac8 15. c3 Rc6 16. Rhd1 Bd8 17. Rd5 Bb6 18. Rad1 Bxe3 19. Kxe3 Ke7 20. R1d2 b5 21. a3 Rd8 22. f3 g6 23. g3 g5 24. Rf2 Rg8 25. Rfd2 Ke6 26. g4 h5 27. h3 hxg4 28. hxg4 Rh8 29. Kf2 Ke7 30. Kg1 Rh3 31. Kg2 Rh6 32. Kg1 Rh3 1/2-1/2

[Event "Madrid-ch Previa-B"]
[Site "Madrid"]
[Date "2025.02.01"]
[Round "3.14"]
[White "Rosado Rio Perez, Alberto"]
[Black "De Vicente Guijarro, Juan"]
[Result "0-1"]
[WhiteElo "1640"]
[BlackElo "1922"]
[PlyCount "86"]
[GameId "2142048665735521"]
[EventDate "2025.01.30"]
[EventType "swiss"]
[EventRounds "9"]
[EventCountry "ESP"]

1. e4 e5 2. Nf3 Nf6 3. Nxe5 d6 4. Nf3 Nxe4 5. c4 Be7 6. d4 d5 7. Nc3 Bb4 8. Qb3 Qe7 9. Be2 dxc4 10. Qxc4 Be6 11. Qb5+ c6 12. Qd3 Nf6 13. O-O h6 14. Bf4 Nbd7 15. Ne5 Nb6 16. Ne4 Nxe4 17. Qxe4 Nd5 18. Bg3 O-O 19. Bh4 g5 20. Ng6 fxg6 21. Qxg6+ Qg7 22. Qxe6+ Kh8 23. Bg3 Rae8 24. Qg4 Nf4 25. Bc4 Qxd4 26. Bxf4 Qxf4 27. Qh5 Kg7 28. Bb3 Re7 29. Bc2 Rf6 30. Rad1 Bc5 31. Kh1 Qe5 32. f3 Qe2 33. Bb3 Rf4 34. Qh3 Rd4 35. Qc8 Rxd1 36. Qg8+ Kf6 37. Qf8+ Ke5 38. Rxd1 Qe3 39. Qh8+ Kf5 40. Qf8+ Kg6 41. Qg8+ Kh5 42. Bf7+ Kh4 43. Bb3 Qe1+ 0-1

[Event "Madrid-ch Previa-B"]
[Site "Madrid"]
[Date "2025.02.01"]
[Round "3.15"]
[White "De Juan Huarte, Federico"]
[Black "Martin Cantizano, David"]
[Result "1/2-1/2"]
[WhiteElo "1636"]
[BlackElo "1900"]
[PlyCount "104"]
[GameId "2142054382944627"]
[EventDate "2025.01.30"]
[EventType "swiss"]
[EventRounds "9"]
[EventCountry "ESP"]

{[%evp 0,100,15,17,46,21,49,37,55,21,43,22,27,28,28,39,12,36,45,36,39,49,-5,28,74,79,67,61,60,61,59,23,-4,8,-33,-12,-9,-20,-24,-13,-7,-8,0,0,-1,-1,58,37,20,1,23,0,43,-75,1,-67,1,-13,-130,-9,86,-107,-66,-80,-13,26,62,1,91,137,117,76,98,-38,1,85,124,132,108,114,1,1,-1,17,-81,1,-1,1,-16,1,1,-1,1,-1,-1,-1,-1,1,-1,-1,-1,-1,-1]} 1. e4 Nf6 2. e5 Nd5 3. c4 Nb6 4. d4 d6 5. f4 dxe5 6. fxe5 Nc6 7. Be3 Bf5 8. Nc3 e6 9. Nf3 Bg4 10. c5 Nd5 11. Nxd5 exd5 12. Bb5 Be7 13. O-O O-O 14. Qd2 f6 15. Bxc6 bxc6 16. Bf4 Bxf3 17. Rxf3 fxe5 18. Bxe5 Rxf3 19. gxf3 Bf6 20. Re1 Bxe5 21. Rxe5 Qf6 22. Qe3 Rf8 23. Re7 Qg6+ 24. Kf2 Qh5 25. Kg2 Rxf3 26. Re8+ Rf8 27. Qe6+ Qf7 28. Re7 Qxe6 29. Rxe6 Rb8 30. Re7 Rxb2+ 31. Kf3 Rb7 32. Kf4 Kf8 33. Rd7 Rb8 34. Rxc7 Re8 35. Kf5 Re4 36. Rxa7 Rxd4 37. Ke6 Re4+ 38. Kd6 d4 39. Kxc6 Re7 40. Ra8+ Re8 41. Rxe8+ Kxe8 42. Kb7 d3 43. c6 d2 44. c7 d1=Q 45. c8=Q+ Ke7 46. Qc7+ Kf8 47. Qf4+ Ke8 48. Qe5+ Kf8 49. Qc5+ Kf7 50. Qc4+ Kf8 51. Qb4+ Ke8 52. Qb5+ Kd8 1/2-1/2

[Event "Madrid-ch Previa-B"]
[Site "Madrid"]
[Date "2025.02.01"]
[Round "3.16"]
[White "Rodriguez Torrejon, Alberto"]
[Black "Tereso Silva, Luis"]
[Result "0-1"]
[WhiteElo "1630"]
[BlackElo "1890"]
[PlyCount "172"]
[GameId "2142055883108837"]
[EventDate "2025.01.30"]
[EventType "swiss"]
[EventRounds "9"]
[EventCountry "ESP"]

1. e4 c5 2. Nc3 e6 3. d3 Nc6 4. g3 Nf6 5. Bg2 d6 6. f4 Be7 7. h3 a6 8. g4 Nd7 9. g5 Qc7 10. Qh5 Nd4 11. Kd1 b5 12. Nf3 Bb7 13. Rf1 Rc8 14. Be3 b4 15. Ne2 Nxc2 16. Kxc2 c4 17. Rfc1 Qa5 18. Kd1 O-O 19. dxc4 Bxe4 20. Ng3 Bd3 21. Nd2 d5 22. b3 Bc5 23. Bxc5 Qxc5 24. Qf3 Qg1+ 25. Bf1 dxc4 26. bxc4 Bxf1 27. Ngxf1 Nc5 28. Ke2 Qd4 29. Nb3 Qb2+ 30. Nfd2 Na4 31. Kf1 Nc3 32. Qb7 Rxc4 33. Nxc4 Qe2+ 34. Kg1 Qxc4 35. Kh1 Qxf4 36. Rg1 Ne4 37. Raf1 Ng3+ 38. Rxg3 Qxg3 39. Qg2 Qe3 40. h4 g6 41. Qf3 Qe5 42. Qf4 Qd5+ 43. Kh2 a5 44. Rf2 a4 45. Nc1 b3 46. Qxa4 bxa2 47. Nxa2 Ra8 48. Qc2 Ra3 49. Qc7 e5 50. Nb4 Qe6 51. Qd8+ Kg7 52. Qf6+ Qxf6 53. Rxf6 Ra4 54. Nc6 Rxh4+ 55. Kg3 Rh5 56. Rd6 Rxg5+ 57. Kh4 Rf5 58. Nb4 Rf4+ 59. Kg3 Rxb4 60. Rd5 Re4 61. Kf3 Rf4+ 62. Ke3 f6 63. Rd7+ Kh6 64. Rd6 Kg5 65. Rd2 h5 66. Rg2+ Kf5 67. Rh2 h4 68. Ke2 g5 69. Ke3 Kg6 70. Rg2 g4 71. Ke2 Kg5 72. Rg1 g3 73. Ke3 Kg4 74. Ke2 Rf2+ 75. Ke3 f5 76. Rh1 Rf3+ 77. Ke2 e4 78. Ra1 h3 79. Rh1 g2 80. Rg1 Kg3 81. Rc1 h2 82. Rd1 h1=Q 83. Rd7 Qf1+ 84. Kd2 Rd3+ 85. Rxd3+ Qxd3+ 86. Ke1 g1=Q# 0-1

[Event "Madrid-ch Previa-B"]
[Site "Madrid"]
[Date "2025.02.01"]
[Round "3.17"]
[White "Mata Medina, Andres"]
[Black "Castro Uceda, Jose Antonio"]
[Result "1-0"]
[WhiteElo "1871"]
[BlackElo "1637"]
[PlyCount "119"]
[GameId "2142058354721271"]
[EventDate "2025.01.30"]
[EventType "swiss"]
[EventRounds "9"]
[EventCountry "ESP"]

1. d4 Nf6 2. c4 e6 3. Nf3 d5 4. Nc3 Bb4 5. Bg5 Be7 6. e3 O-O 7. Rc1 h6 8. Bxf6 Bxf6 9. h4 c6 10. g4 Be7 11. Bd3 Nd7 12. Bb1 dxc4 13. Qc2 f5 14. Ne2 Nb6 15. Nf4 Nd5 16. Ng6 Rf7 17. Nfe5 Qa5+ 18. Kd1 b5 19. Nxf7 Kxf7 20. Ne5+ Kg8 21. Nxc6 Qc7 22. Nxe7+ Qxe7 23. Ke2 Qd6 24. gxf5 exf5 25. Rcg1 Qe6 26. Kd1 Bb7 27. Qxf5 Qxf5 28. Bxf5 Nb4 29. Rh3 Rf8 30. Be6+ Kh8 31. f4 Re8 32. Bd7 Re7 33. Bxb5 Bd5 34. Rg6 Nd3 35. Rhg3 Nxb2+ 36. Kd2 Nd3 37. Rd6 Be6 38. Rd8+ Kh7 39. d5 Nc5 40. dxe6 Ne4+ 41. Kc2 Nxg3 42. Bxc4 Rc7 43. Kb3 Kg6 44. Rd7 Rc8 45. Bb5 Kf6 46. Rxa7 Ne4 47. Rf7+ Kxe6 48. Bd7+ Kxf7 49. Bxc8 Ke7 50. a4 Kd8 51. Bf5 Nd6 52. Bd3 Kc7 53. Kc3 Kb6 54. Kd4 Ka5 55. Ke5 Nb7 56. Bb5 Kb6 57. Kf5 Nc5 58. Kg6 Ne6 59. f5 Nc5 60. Kxg7 1-0

[Event "Madrid-ch Previa-B"]
[Site "Madrid"]
[Date "2025.02.01"]
[Round "3.18"]
[White "Blanco Barrios, Aitana"]
[Black "Pareja Cerrato, Antonio"]
[Result "1/2-1/2"]
[WhiteElo "1850"]
[BlackElo "1624"]
[PlyCount "160"]
[GameId "2142154280136824"]
[EventDate "2025.01.30"]
[EventType "swiss"]
[EventRounds "9"]
[EventCountry "ESP"]

1. e4 e5 2. Nf3 Nf6 3. Nc3 Nc6 4. Bb5 a6 5. Ba4 b5 6. Bb3 Na5 7. O-O Nxb3 8. axb3 d6 9. d4 exd4 10. Qxd4 Bb7 11. Nd5 Bxd5 12. exd5 Be7 13. Qd3 O-O 14. Nd4 Ng4 15. Bf4 Bf6 16. Nc6 Qd7 17. Ra5 Be5 18. f3 Nf6 19. Be3 Rfe8 20. c3 Qc8 21. f4 Bxc3 22. bxc3 Nxd5 23. Qxd5 Rxe3 24. Raa1 Qe8 25. Rf3 Re1+ 26. Rxe1 Qxe1+ 27. Rf1 Qe3+ 28. Kh1 Re8 29. h3 h6 30. Qf3 Qd2 31. Rd1 Qc2 32. Nd4 Qg6 33. Qf2 Qe4 34. Rd2 Qb1+ 35. Kh2 Re1 36. Re2 Rh1+ 37. Kg3 Qg6+ 38. Kf3 Qd3+ 39. Re3 Qd1+ 40. Qe2 Rf1+ 41. Kg3 Qc1 42. Re8+ Kh7 43. Qc2+ Qxc2 44. Nxc2 Rb1 45. b4 Rb2 46. Ne1 c5 47. bxc5 dxc5 48. Rc8 c4 49. Ra8 Re2 50. Nf3 Re3 51. Rxa6 Rxc3 52. Rb6 Rb3 53. Kf2 Rb2+ 54. Ke3 b4 55. Ne5 Rxg2 56. Nxc4 Rg3+ 57. Ke4 Rxh3 58. Rxb4 g5 59. f5 Rh4+ 60. Ke5 Rg4 61. Kf6 Rf4 62. Ra4 g4 63. Nb2 Rxa4 64. Nxa4 g3 65. Nc3 h5 66. Kg5 g2 67. Ne2 f6+ 68. Kxh5 Kg7 69. Kg4 Kh6 70. Kh4 Kg7 71. Kg3 Kh6 72. Kxg2 Kg5 73. Ng3 Kf4 74. Kh3 Kg5 75. Kg2 Kf4 76. Kf2 Kg4 77. Kg2 Kf4 78. Kh2 Kg4 79. Kg2 Kf4 80. Kh2 Kg4 1/2-1/2

[Event "Madrid-ch Previa-B"]
[Site "Madrid"]
[Date "2025.02.01"]
[Round "3.19"]
[White "Arce Balluerca, Oscar"]
[Black "Alberca Sanchez, Jose Miguel"]
[Result "1-0"]
[WhiteElo "1842"]
[BlackElo "1572"]
[PlyCount "117"]
[GameId "2142184089510031"]
[EventDate "2025.01.30"]
[EventType "swiss"]
[EventRounds "9"]
[EventCountry "ESP"]

1. e4 c6 2. c4 d5 3. cxd5 cxd5 4. exd5 Nf6 5. Nc3 g6 6. Bc4 Qc7 7. Qb3 Qb6 8. Qxb6 axb6 9. Nf3 Bh6 10. O-O O-O 11. Re1 Re8 12. h3 Bf4 13. g3 Bh6 14. b3 Bxh3 15. Na4 Nbd7 16. Ba3 e6 17. dxe6 Bxe6 18. Bxe6 Rxe6 19. Rxe6 fxe6 20. Bb4 Rc8 21. Nc3 Nd5 22. Nxd5 exd5 23. Nd4 Bg7 24. Bc3 Nc5 25. Nb5 Ne4 26. Bxg7 Kxg7 27. d3 Ng5 28. Nd4 Kf6 29. Re1 Kf7 30. f4 Nh3+ 31. Kg2 Nxf4+ 32. gxf4 Rc5 33. Re5 Rc1 34. Kf2 Rd1 35. Nf3 Ra1 36. Re2 Kf6 37. Nd4 Rd1 38. Re6+ Kf7 39. Ke2 Ra1 40. a4 Ra2+ 41. Ke3 b5 42. axb5 h5 43. Rb6 Ra7 44. Rd6 h4 45. Rxd5 h3 46. Nf3 b6 47. Ng5+ Kf6 48. Nxh3 Re7+ 49. Kd4 Re6 50. Ng5 Re1 51. Ne4+ Ke7 52. Re5+ Kd8 53. Re6 Rf1 54. Ke5 Rb1 55. Rxb6 Rxb3 56. Nc5 Rb4 57. d4 Kc7 58. Rc6+ Kb8 59. Na6+ 1-0

[Event "Madrid-ch Previa-B"]
[Site "Madrid"]
[Date "2025.02.01"]
[Round "3.20"]
[White "Garcia Gonzalez, Angela"]
[Black "Gonzalez Jimenez, Marcos Valero"]
[Result "0-1"]
[WhiteElo "1617"]
[BlackElo "1840"]
[PlyCount "70"]
[GameId "2142191750402213"]
[EventDate "2025.01.30"]
[EventType "swiss"]
[EventRounds "9"]
[EventCountry "ESP"]

1. e4 c5 2. Nf3 e6 3. d4 cxd4 4. Nxd4 Nc6 5. Nb5 d6 6. Be2 a6 7. N5a3 Nf6 8. f3 b5 9. Be3 Be7 10. O-O O-O 11. c4 b4 12. Nc2 e5 13. Nd2 Be6 14. f4 exf4 15. Bxf4 Qb6+ 16. Be3 Qb7 17. Nd4 Ne5 18. Nxe6 fxe6 19. Qc2 Neg4 20. Qd3 d5 21. exd5 Qc7 22. Nf3 Nxe3 23. Qxe3 Bc5 24. Nd4 e5 25. Kh1 Bxd4 26. Qh3 Qd6 27. Rf3 Ne4 28. Bd3 Rxf3 29. Qxf3 Nf2+ 30. Kg1 Nxd3+ 31. Kh1 Nf2+ 32. Kg1 Rf8 33. Qe2 Qh6 34. g3 Ng4+ 35. Kh1 Rf2 0-1

[Event "Madrid-ch Previa-B"]
[Site "Madrid"]
[Date "2025.02.01"]
[Round "3.21"]
[White "Garcia Gonzalez, Victor 2012"]
[Black "Bastos Perez Cuadrado, Carlos"]
[Result "0-1"]
[WhiteElo "1592"]
[BlackElo "1822"]
[PlyCount "72"]
[GameId "2142192676290739"]
[EventDate "2025.01.30"]
[EventType "swiss"]
[EventRounds "9"]
[EventCountry "ESP"]

1. e4 c5 2. Nf3 d6 3. d4 cxd4 4. Nxd4 Nf6 5. Nc3 a6 6. Be2 e5 7. Nb3 Be7 8. O-O O-O 9. Re1 Be6 10. Bf1 Nbd7 11. Nd5 Nxd5 12. exd5 Bf5 13. Bd3 Bxd3 14. Qxd3 f5 15. Qe2 Rc8 16. f4 Bf6 17. c3 Nc5 18. Nxc5 Rxc5 19. c4 Qc7 20. b3 e4 21. Rb1 Bd4+ 22. Kh1 Qe7 23. b4 Rcc8 24. Rd1 Qf6 25. a4 Rf7 26. Bd2 Rfc7 27. Rdc1 Qe7 28. b5 e3 29. Be1 Qe4 30. b6 Rc5 31. Bb4 Rxc4 32. Re1 Qxd5 33. h3 Rc2 34. Qf1 Rf2 35. Qg1 Rcc2 36. Rbc1 Rxg2 0-1

[Event "Madrid-ch Previa-B"]
[Site "Madrid"]
[Date "2025.02.01"]
[Round "3.22"]
[White "Neill, Christopher John"]
[Black "Garcia Tanjala, Marko"]
[Result "0-1"]
[WhiteElo "1557"]
[BlackElo "1822"]
[PlyCount "98"]
[GameId "2142194648781084"]
[EventDate "2025.01.30"]
[EventType "swiss"]
[EventRounds "9"]
[EventCountry "ESP"]

1. Nf3 Nf6 2. e3 d5 3. c4 c5 4. cxd5 Nxd5 5. Bb5+ Bd7 6. Bxd7+ Qxd7 7. O-O e6 8. Qb3 Bd6 9. Nc3 O-O 10. Ne4 Nc6 11. Nxd6 Qxd6 12. a3 b6 13. Rd1 Rac8 14. d3 Rfd8 15. g3 Nde7 16. Qc2 Ng6 17. b3 Nge5 18. Nxe5 Nxe5 19. Bb2 Nxd3 20. Qc3 f6 21. Rd2 b5 22. Rad1 c4 23. b4 e5 24. Rc1 e4 25. a4 a6 26. axb5 axb5 27. Rcd1 Ra8 28. Kf1 Ra4 29. Qd4 Qxd4 30. Bxd4 Rxb4 31. Ra1 Rd7 32. Rda2 Kf7 33. Kg2 Rc7 34. Ra7 Rxa7 35. Rxa7+ Kg6 36. g4 Rb1 37. h4 Ne1+ 38. Kg3 Nf3 39. Bc5 Ne5 40. h5+ Kh6 41. Bf8 Rg1+ 42. Kh3 Rxg4 43. Bd6 Rg1 44. Rb7 c3 45. Rc7 Nc4 46. Bf4+ Kxh5 47. Rc5+ Rg5 48. Bxg5 fxg5 49. f4 exf3 0-1

[Event "Madrid-ch Previa-B"]
[Site "Madrid"]
[Date "2025.02.01"]
[Round "3.26"]
[White "Huerta Marroquin, Borja"]
[Black "Perdiguero Herreros, Alejandro"]
[Result "1/2-1/2"]
[WhiteElo "1596"]
[BlackElo "1924"]
[PlyCount "104"]
[GameId "2142318225383597"]
[EventDate "2025.01.30"]
[EventType "swiss"]
[EventRounds "9"]
[EventCountry "ESP"]

1. e4 c6 2. d4 d5 3. exd5 cxd5 4. c4 Nc6 5. Nf3 Nf6 6. Nc3 e6 7. c5 Be7 8. a3 O-O 9. Bd3 e5 10. dxe5 Ng4 11. Nxd5 Bxc5 12. O-O Ngxe5 13. Nxe5 Nxe5 14. Bxh7+ Kxh7 15. Qc2+ Kh8 16. Qxc5 Nd3 17. Qd4 Nxc1 18. Raxc1 Qg5 19. Ne3 Rd8 20. Qc3 Be6 21. Rfd1 Rdc8 22. Qb4 b6 23. Rxc8+ Rxc8 24. Qd4 Bb3 25. Re1 Rd8 26. Qc3 Qb5 27. h3 Rd3 28. Qc8+ Kh7 29. Qb7 Bd5 30. Nxd5 Qxd5 31. Qxd5 Rxd5 32. Re7 Rd1+ 33. Kh2 Rd2 34. Rxa7 Rxf2 35. b4 f6 36. Rb7 Ra2 37. Rxb6 Rxa3 38. h4 Kh6 39. g3 Kh5 40. Kh3 Rb3 41. Rb5+ g5 42. hxg5 fxg5 43. Rb8 g4+ 44. Kg2 Rb2+ 45. Kf1 Rb3 46. Rb5+ Kg6 47. Kf2 Rf3+ 48. Kg2 Rb3 49. Rb8 Kf5 50. Rf8+ Kg5 51. Rf4 Rb2+ 52. Kf1 Rb1+ 1/2-1/2

[Event "Madrid-ch Previa-B"]
[Site "Madrid"]
[Date "2025.02.01"]
[Round "3.27"]
[White "Senador Gomez Jaen, Julio"]
[Black "De Pascual Lopez, Javier"]
[Result "1-0"]
[WhiteElo "1796"]
[BlackElo "1603"]
[PlyCount "67"]
[GameId "2142319660540092"]
[EventDate "2025.01.30"]
[EventType "swiss"]
[EventRounds "9"]
[EventCountry "ESP"]

1. d4 d5 2. c4 e6 3. Nc3 Nf6 4. cxd5 exd5 5. Bg5 Be7 6. e3 c6 7. Bd3 h6 8. Bh4 O-O 9. Nge2 Ne4 10. Bg3 f5 11. Qc2 b5 12. Nf4 Qe8 13. Be2 h5 14. Bxh5 Qd7 15. Ng6 Rd8 16. Ne5 Qb7 17. Rc1 Bd7 18. Nxd7 Qxd7 19. Nxe4 fxe4 20. Bxb8 Raxb8 21. Qxc6 Rbc8 22. Qxd7 Rxc1+ 23. Kd2 Bb4+ 24. Kxc1 Rxd7 25. Be8 Rb7 26. Kb1 Rb6 27. Rc1 Rf6 28. Rf1 Rb6 29. a3 Bd6 30. Rc1 Bxh2 31. Bc6 Bd6 32. Bxd5+ Kh8 33. Bxe4 Rb8 34. Bf5 1-0

[Event "Madrid-ch Previa-B"]
[Site "Madrid"]
[Date "2025.02.01"]
[Round "3.29"]
[White "Quiros Florea, Rafael Santiago"]
[Black "Duran Rodriguez, Adriana"]
[Result "1-0"]
[WhiteElo "1660"]
[BlackElo "1494"]
[PlyCount "89"]
[GameId "2141935453196447"]
[EventDate "2025.01.30"]
[EventType "swiss"]
[EventRounds "9"]
[EventCountry "ESP"]

1. d4 Nf6 2. c4 e6 3. Nf3 d5 4. e3 c5 5. b3 Nc6 6. Bb2 cxd4 7. exd4 Bb4+ 8. Bc3 Ne4 9. Bxb4 Nxb4 10. a3 Nc6 11. c5 O-O 12. Nbd2 Nf6 13. Bd3 Nd7 14. b4 e5 15. dxe5 Ncxe5 16. Be2 Re8 17. O-O a5 18. Qc2 axb4 19. axb4 Rxa1 20. Rxa1 Nc6 21. b5 Rxe2 22. bxc6 bxc6 23. Nd4 Qf6 24. Nxe2 Qxa1+ 25. Nc1 Qe5 26. Nd3 Qe7 27. Nf3 Ba6 28. Nb4 Bb5 29. g3 Qxc5 30. Qxc5 Nxc5 31. Nd4 Ne6 32. Nbxc6 Bxc6 33. Nxc6 d4 34. Kf1 g6 35. Ke2 Kg7 36. Kd3 Kf6 37. Nxd4 Nxd4 38. Kxd4 Kf5 39. h3 h5 40. Ke3 g5 41. f3 g4 42. hxg4+ hxg4 43. f4 Ke6 44. Kd4 f6 45. Kc5 1-0

[Event "Madrid-ch Previa-B"]
[Site "Madrid"]
[Date "2025.02.08"]
[Round "4.2"]
[White "Cardena Contreras, Javier"]
[Black "Palomo Monserrat, Lorenzo"]
[Result "1/2-1/2"]
[WhiteElo "1883"]
[BlackElo "1949"]
[PlyCount "79"]
[GameId "2144281577078956"]
[EventDate "2025.01.30"]
[EventType "swiss"]
[EventRounds "9"]
[EventCountry "ESP"]

1. e4 c5 2. Nf3 d6 3. d4 cxd4 4. Nxd4 Nf6 5. Nc3 Nc6 6. Bg5 e6 7. Qd2 a6 8. O-O-O Bd7 9. f4 b5 10. Bxf6 gxf6 11. f5 h5 12. Kb1 Bh6 13. Nxc6 Bxc6 14. Qxd6 Qxd6 15. Rxd6 Rc8 16. a3 Bf4 17. Rd3 Ke7 18. Be2 Be5 19. Bf3 a5 20. Ne2 b4 21. axb4 axb4 22. Nd4 Ba4 23. Nb3 Rc7 24. g3 h4 25. Rg1 hxg3 26. hxg3 Rh2 27. Rg2 Rh3 28. Bg4 Rh8 29. Bf3 Bxb3 30. cxb3 Rhc8 31. Rd1 Ra7 32. fxe6 fxe6 33. Rh2 Rca8 34. Rh7+ Kf8 35. Rxa7 Rxa7 36. Bg4 Rh7 37. Rd2 Ke7 38. Kc2 Rg7 39. Be2 Rxg3 40. Bb5 1/2-1/2

[Event "Madrid-ch Previa-B"]
[Site "Madrid"]
[Date "2025.02.08"]
[Round "4.3"]
[White "Marin Lopez, Juan Jose"]
[Black "Del Castillo Izquierdo, Jose"]
[Result "1-0"]
[WhiteElo "1907"]
[BlackElo "1867"]
[PlyCount "50"]
[GameId "2144282798743741"]
[EventDate "2025.01.30"]
[EventType "swiss"]
[EventRounds "9"]
[EventCountry "ESP"]

1. e4 e5 2. Nf3 Nc6 3. Bb5 Nf6 4. d3 Bc5 5. Bxc6 dxc6 6. Nbd2 Qe7 7. Nc4 Bd6 8. Qe2 Bg4 9. h3 Bxf3 10. Qxf3 O-O-O 11. Bg5 h6 12. Bxf6 gxf6 13. O-O-O Bc5 14. g4 Qe6 15. Kb1 b5 16. Nd2 Bb6 17. Nf1 Kb7 18. Ng3 a5 19. Nh5 Rd6 20. Ng7 Qd7 21. Qe2 b4 22. Nf5 Re6 23. Qd2 h5 24. gxh5 Rxh5 25. Ng7 Rh4 1-0

[Event "Madrid-ch Previa-B"]
[Site "Madrid"]
[Date "2025.02.08"]
[Round "4.4"]
[White "Pena Hernandez, Francisco Javier"]
[Black "Galarreta Santana, Javier"]
[Result "0-1"]
[WhiteElo "1899"]
[BlackElo "1865"]
[PlyCount "96"]
[GameId "2144283716427984"]
[EventDate "2025.01.30"]
[EventType "swiss"]
[EventRounds "9"]
[EventCountry "ESP"]

1. d4 Nf6 2. c4 c5 3. e3 e6 4. Nc3 g6 5. Nf3 Bg7 6. Be2 O-O 7. O-O cxd4 8. exd4 d5 9. c5 b6 10. b4 a5 11. Ba3 axb4 12. Bxb4 Nc6 13. a3 Nxb4 14. axb4 Rxa1 15. Qxa1 bxc5 16. bxc5 Ne4 17. Qa3 g5 18. h3 f5 19. Qb4 h5 20. Nxe4 fxe4 21. Nd2 Qf6 22. Nb3 g4 23. hxg4 hxg4 24. Qb8 Ba6 25. Qxf8+ Qxf8 26. Bxa6 Qb8 27. c6 Bh6 28. Bb7 e3 29. Nc5 exf2+ 30. Rxf2 Be3 31. Kf1 Bxf2 32. Kxf2 Qf4+ 33. Ke2 Kf7 34. Na6 Qxd4 35. Ke1 Qb6 36. Nb8 Ke7 37. Nd7 Qb1+ 38. Ke2 Kd6 39. Nf8 Qe4+ 40. Kd1 Qf5 41. Nd7 Qf1+ 42. Kc2 Qxg2+ 43. Kb3 Qg3+ 44. Kb4 Qe1+ 45. Kb5 g3 46. Nb6 Qb1+ 47. Ka6 g2 48. Nc8+ Kc7 0-1

[Event "Madrid-ch Previa-B"]
[Site "Madrid"]
[Date "2025.02.08"]
[Round "4.5"]
[White "Quiroga Andres, Carlos"]
[Black "Calderon Rojo, Borja"]
[Result "0-1"]
[WhiteElo "1841"]
[BlackElo "1887"]
[PlyCount "216"]
[GameId "2144345838960997"]
[EventDate "2025.01.30"]
[EventType "swiss"]
[EventRounds "9"]
[EventCountry "ESP"]

1. d4 Nf6 2. Nf3 d6 3. c4 g6 4. g3 c6 5. Bg2 Bg7 6. O-O O-O 7. Nc3 Bf5 8. Qb3 Qc7 9. Rd1 Ne4 10. Bf4 Nxc3 11. bxc3 e5 12. Bc1 Be4 13. Ba3 c5 14. e3 b6 15. Ng5 Bxg2 16. Kxg2 Nc6 17. dxc5 dxc5 18. Rd2 Rad8 19. Rad1 Rxd2 20. Rxd2 Rd8 21. Rd5 h6 22. Nf3 e4 23. Ng1 Ne7 24. Rxd8+ Qxd8 25. Qc2 Qd3 26. Qa4 Qxc3 27. Qxa7 Nf5 28. Qa4 Kh7 29. Qb3 Qd2 30. Nh3 g5 31. Kf1 Qd3+ 32. Kg2 Qd2 33. Kf1 Qd3+ 34. Kg2 Qe2 35. Ng1 Qd3 36. Nh3 Be5 37. Bc1 Qc3 38. Ba3 Nd6 39. Qd1 Qxa3 40. Qd5 Qc3 41. Qc6 Qxc4 42. Qxb6 Qd5 43. Qd8 c4 44. Ng1 c3 45. Ne2 Qd2 46. Nxc3 Qxc3 47. a4 Qc8 48. Qe7 Qe6 49. Qd8 Qf6 50. Qc7 Qf3+ 51. Kg1 h5 52. Qc5 Qf5 53. a5 h4 54. Kf1 hxg3 55. hxg3 Qe6 56. Kg2 Nb7 57. Qb5 Nxa5 58. Qxa5 Kg6 59. Qb4 Qf5 60. Qf8 Bg7 61. Qd6+ Qe6 62. Qc5 f5 63. Qa7 Qd6 64. Qa2 Qf6 65. Qc4 Kh5 66. Qe2+ Kg6 67. Qc4 Qe5 68. Qc6+ Bf6 69. Qc8 Bg7 70. Qc6+ Kh7 71. Qd7 f4 72. gxf4 gxf4 73. exf4 Qxf4 74. Qh3+ Kg6 75. Qe6+ Bf6 76. Qg8+ Kf5 77. Qd5+ Kg4 78. Qd7+ Qf5 79. Qd1+ Kg5 80. Qd2+ Kh5 81. Qb4 Qg4+ 82. Kf1 Qh3+ 83. Kg1 Qg4+ 84. Kf1 Be5 85. Qb5 Qh3+ 86. Kg1 Qh2+ 87. Kf1 Qh1+ 88. Ke2 Qf3+ 89. Ke1 Qc3+ 90. Ke2 Kg5 91. Qd5 Qf3+ 92. Ke1 Qc3+ 93. Ke2 Qf3+ 94. Ke1 Qh1+ 95. Ke2 Qh5+ 96. Ke1 Kf5 97. Qd7+ Kf4 98. Qd2+ Kf5 99. Qd7+ Kf6 100. Qc6+ Kf5 101. Qd7+ Kg5 102. Qe7+ Kg4 103. Qd7+ Qf5 104. Qd1+ Kh3 105. Qb3+ Kh2 106. Qb6 Bc3+ 107. Kd1 Qd5+ 108. Ke2 Qd2+ 0-1